Search the Library Catalogue
| 000 -LEADER | |
|---|---|
| fixed length control field | 01080nam a2200265Ia 4500 |
| 008 - FIXED-LENGTH DATA ELEMENTS--GENERAL INFORMATION | |
| fixed length control field | 191130s1995##################000#0#eng## |
| 020 ## - INTERNATIONAL STANDARD BOOK NUMBER | |
| ISBN | 9780521557825 |
| 082 ## - DEWEY DECIMAL CLASSIFICATION NUMBER | |
| Classification number | 332.10942 COL |
| 100 ## - MAIN ENTRY--AUTHOR NAME | |
| Personal name | Collins, Michael |
| 245 ## - TITLE STATEMENT | |
| Title | Banks and industrial finance in Britain, 1800-1939 |
| Statement of responsibility, etc | prepared for the Economic History Society by Michael Collins |
| 250 ## - EDITION STATEMENT | |
| Edition statement | 1st Cambridge University Press ed |
| 260 ## - PUBLICATION, DISTRIBUTION, ETC. (IMPRINT) | |
| Place of publication | Cambridge |
| Name of publisher | Cambridge University Press |
| Year of publication | 1995 |
| 300 ## - PHYSICAL DESCRIPTION | |
| Number of Pages | vii, 105 p. ; 23 cm |
| 500 ## - GENERAL NOTE | |
| General note | Originally published: Houndmills, Basingstoke, Hampshire : Macmillan, 1991. (Studies in economic and social history). Includes bibliographical references (p. 96-103) and index |
| 650 ## - SUBJECT ADDED ENTRY--TOPICAL TERM | |
| Topical Term | Banks and banking - Great Britain - History |
| Topical Term | Capital market - Great Britain - History |
| Topical Term | Finance - Great Britain - History |
| Topical Term | Monetary policy - Great Britain - History |
| 710 ## - ADDED ENTRY--CORPORATE NAME | |
| Corporate name or jurisdiction name as entry element | Economic History Society |
| 991 ## - | |
| -- | 33795 |
| Withdrawn status | Lost status | Damaged status | Not for loan | Home library | Current library | Shelving location | Date acquired | Full call number | Accession Number | Price effective from | Koha item type |
|---|---|---|---|---|---|---|---|---|---|---|---|
| Anna Centenary Library | Anna Centenary Library | 4TH FLOOR, A WING | 17.10.2020 | 332.10942 COL | 231491 | 17.10.2020 | English Books |